Регионална библиотека "Любен Каравелов" - Русе

Цветята на малката Ида | Малката кибритопродавачка (Запис номер 85085)

MARC детайли
000 -Лидер
Контролно поле с фиксирана дължина 01525nam a2200385 a 4500
003 - Код на организацията, давaща контролен номер
Контролно поле BLK
005 - Дата и час на последна редакция
Контролно поле 20241009005429.0
008 - Елементи от данни с фиксирана дължина
fixed length control field 180408b bul|||||r ||||||| ||bul||
010 ## - Наследен системен номер
LC control number KNG00089681000
040 ## - Източник на каталожния запис
Идентификатор на билиотеката - собственик на записа BLK
041 ## - Код за език
Код за езика на текст/звукозапис или на отделно заглавие Български
Код за езика КДБФ Български
080 ## - УДК
Текстов определител УДК Датска литература
УДК код - определител по УДК 821.113.4
УДК определител -93-34
УДК - код + определител 821.113.4-93-34
100 ## - Редна дума - Автор
Автор Андерсен, Ханс Кристиан
Дати, свързани с автора 1805 - 1875
R(LIN) 363318
139 ## - Редно поле
Редна дума Андерсен, Ханс Кристиан
Авторски знак Анд - А 65
245 10 - Сведения за заглавието
Заглавие Цветята на малката Ида
Редно поле (дума) Ханс Кристиан Андерсен; прев. от рус. Валентина Янчева; ил. Либико Марайя.
245 10 - Сведения за заглавието
Заглавие Малката кибритопродавачка
Подзаглавни данни Приказки
257 ## - Страна на издаване
Страна на създаване/издаване Дания
260 ## - Област на издателските данни
Име на издателя, разпространителя и проч. Софи-Р
Година на издаване 1992
9 (RLIN) 209581
Място на издаване, разпространение и проч. София
Издателство - префикс ISBN 954-638-
300 ## - Физическа характеристика
Страници 27 с.
Илюстрации и др. с цв. ил.
Размери/Мащаб 29 см
380 ## - Жанр
Жанр Детска худож. лит.
500 ## - Общи забележки
Забележка Прев. от рус. изд. - Ориг. загл. на дат. ез.
653 ## - Ключова дума – ненормативна
Ключова дума детска литература
653 ## - Ключова дума – ненормативна
Ключова дума литература за деца
653 ## - Ключова дума – ненормативна
Ключова дума приказки
700 ## - Други автори (авторска отговорност)
Лично име Янчева, Валентина
Автороска отговорност (Описва отношението между автора и произведението) прев. от рус.
9 (RLIN) 301681
700 1# - Други автори (авторска отговорност)
Лично име Марайя, Либико
Автороска отговорност (Описва отношението между автора и произведението) ил.
9 (RLIN) 92511
852 ## - Местоположение
Форматна сигнатура Цб ІІ 9162
856 4# - Електронен адрес и достъп
Електронен формат pdf - файл
856 4# - Електронен адрес и достъп
Електронен формат pdf - файл
999 ## - СИСТЕМНИ КОНТРОЛНИ НОМЕРА
Koha biblionumber 85085
Koha biblioitemnumber 85085
942 ## - АРТИКУЛИ
Вид на библиотечния материал Книги
Скрит в OPAC Не
Koha issues (borrowed), all copies 3
Периодичен библиозапис Да
944 ## - СЪЗДАВАНЕ И РЕДАКЦИЯ на ЗАПИСА
Създаване/Редакция Създаване
Дата на регистрацията/редакция 27.05.2009
Статус, дата на статуса CRON CRON
Служител, извършил регистрацията/редакцията
944 ## - СЪЗДАВАНЕ И РЕДАКЦИЯ на ЗАПИСА
Създаване/Редакция Редакция
Дата на регистрацията/редакция 08.02.2017
Статус, дата на статуса ф /
Служител, извършил регистрацията/редакцията Людмила_Стоянова
944 ## - СЪЗДАВАНЕ И РЕДАКЦИЯ на ЗАПИСА
Създаване/Редакция Редакция
Дата на регистрацията/редакция 2021-01-22
Служител, извършил регистрацията/редакцията ВК
999 ## - СИСТЕМНИ КОНТРОЛНИ НОМЕРА
Koha biblioitemnumber 85085
Наличности
Код за отписване Код за изгубен артикул Източник на класификационната схема Код за повреда Коз за рестрикции Код за отдаване Артикулен № Име на библиотеката - собственик Име на библиотеката, в която се намира в момента Статус (Текущо местоположение) Дата на вписване в системата Местоположение - отдел Цена в лева Инвентарен номер Систематично азбучна сигнатура Баркод Номер на екземпляра Цена в евро Служебна бележка Служебен тип на артикула
  Не е изгубен Universal Decimal Classification Не е повреден само за читалня ползва се в читалня 137987 Регионална библиотека "Любен Каравелов" Русе Регионална библиотека "Любен Каравелов" Русе Хранилище 1992-01-01 Хранилище 5.65 564740 Цб ІІ 9162 120000564740 1 2.89 Дост: Dp Вид: Д N: стар фонд Дата: 01.01.1992 Книги
Изтеглен Не е изгубен Universal Decimal Classification Не е повреден без рестрикции заемане за дома 137988 Регионална библиотека "Любен Каравелов" Русе Регионална библиотека "Любен Каравелов" Русе Детски отдел 1992-01-01 Детски отдел 5.65 562589 ДХ 820/899 А 65 562589 2 2.89 Дост: Pk Вид: Ф N: стар фонд Дата: 01.01.1992 Дата инв: 14.09.2015 Бележки инв: Д2015 Книги
Изтеглен Не е изгубен Universal Decimal Classification Не е повреден без рестрикции заемане за дома 137989 Регионална библиотека "Любен Каравелов" Русе Регионална библиотека "Любен Каравелов" Русе Детски отдел 1992-01-01 Детски отдел 5.65 562591 ДХ 820/899 А 65 562591 3 2.89 Дост: Pk Вид: Ф N: стар фонд Дата: 01.01.1992 Дата инв: 14.09.2015 Бележки инв: Д2015 Книги
Изтеглен Не е изгубен Universal Decimal Classification Не е повреден без рестрикции заемане за дома 137990 Регионална библиотека "Любен Каравелов" Русе Регионална библиотека "Любен Каравелов" Русе Детски отдел 1992-01-01 Детски отдел 5.65 562594 ДХ 820/899 А 65 562594 4 2.89 Дост: Pk Вид: Ф N: стар фонд Дата: 01.01.1992 Дата инв: 14.09.2015 Бележки инв: Д2015 Книги
Изтеглен Не е изгубен   Не е повреден без рестрикции заемане за дома 137991 Регионална библиотека "Любен Каравелов" Русе Регионална библиотека "Любен Каравелов" Русе Детски отдел 2017-01-12 Детски отдел 8.00 120000807699 ДХ 820/899 А 65 120000807699 5 4.09 Дост: DA Вид: А N: 2 Дата: 12.01.2017 Книги
Vip Innovations Ltd, Rousse, Bulgaria 2025